Adivinhe o nome de diretores do Cinema Novo e Cinema Marginal - Statistics

Estatísticas Gerais
  • Esse quiz foi jogado 26 vezes
  • A pontuação média é 5 de 15
Estatísticas das Respostas
Hint Resposta % Correto
Deus e o Diabo na Terra do Sol, Terra em Transe, Antônio das Mortes Glauber Rocha
95%
Rio Zona Norte, Vidas Secas, Memórias do Cárcere Nelson Pereira dos Santos
67%
O Bandido da Luz Vermelha, A Mulher de Todos, Copacabana Mon Amour Rogério Sganzerla
67%
Filme Demência, Alma Corsária, Falsa Loura Carlos Reichenbach
43%
São Paulo Sociedade Anônima, O Caso dos Irmãos Naves, Panca de Valente Luiz Sérgio Person
38%
Grande Cidade, Ganga Zumba Rei dos Palmares, Bye Bye Brazil Cacá Diegues
33%
Macunaíma, O Padre e a Moça, Os Inconfidentes Joaquim Pedro de Andrade
33%
Jardim de Guerra, Rio Babilônia, A Dama do Lotação Neville d'Almeida
33%
Os Fuzis, Os Cafajestes, Os Deuses e os Mortos Ruy Guerra
33%
Matou a Família e Foi ao Cinema, Memórias de um Estrangulador de Loiras, Garoto Júlio Bressane
29%
A Falecida, São Bernardo, Eles Não Usam Blacktie Leon Hirszman
24%
A Margem, A Herança, Meu Nome é Tonho Ozualdo Candeias
19%
O Desafio, Porto das Caixas, A Casa Assassinada Paulo César Saraceni
19%
A Grande Feira, Tocaia no Asfalto, Em Busca do Su$exo Roberto Pires
5%
O Grande Momento, A Hora e Vez de Augusto Matraga, As Cariocas Roberto Santos
5%
Nenhum quiz correspondente encontrado
Distribuição das Pontuações
Porcentagem de Pessoas com Cada Pontuação
Percentil de Números Respondidos
Sua Pontuação Histórica
Você não jogou esse quiz